Ek Chalis Ki Last Local (Record no. 31751)

MARC details
000 -LEADER
fixed length control field 02299ngm a2200397 4500
003 - CONTROL NUMBER IDENTIFIER
control field dpl
005 - DATE AND TIME OF LATEST TRANSACTION
control field 20091113114444.0
007 - PHYSICAL DESCRIPTION FIXED FIELD--GENERAL INFORMATION
fixed length control field DVD
008 - FIXED-LENGTH DATA ELEMENTS--GENERAL INFORMATION
fixed length control field ||||||sp199 xxu|||||c ||| 00| 0 ng d
010 ## - LIBRARY OF CONGRESS CONTROL NUMBER
LC control number DVD-004578-4583
024 ## - OTHER STANDARD IDENTIFIER
Terms of availability 49.00
035 ## - SYSTEM CONTROL NUMBER
System control number DVD-004578-4583
040 ## - CATALOGING SOURCE
Original cataloging agency DPL
Transcribing agency DPL
082 ## - DEWEY DECIMAL CLASSIFICATION NUMBER
Classification number DVD / EKCH
245 ## - TITLE STATEMENT
Title Ek Chalis Ki Last Local
Statement of responsibility, etc Bharat Shah Presents
Medium [videorecording] DVD/
260 ## - PUBLICATION, DISTRIBUTION, ETC. (IMPRINT)
Name of publisher, distributor, etc Moserbaer Entertainment
300 ## - PHYSICAL DESCRIPTION
Extent 1 videodisc DVD;
Other physical details sd., col. ;
Dimensions 4 3/4 in.
Type of unit DVD
440 ## - SERIES STATEMENT/ADDED ENTRY--TITLE
Title Moserbaer Home Entertainment
500 ## - GENERAL NOTE
General note Moserbaer India Ltd. has obtained the necessary licence/conssent from the owner of the copyright in the wroks for making this DVD Film.
538 ## - SYSTEM DETAILS NOTE
System details note Dolby Digital 5.1 - Hindi Subtitles: English
650 ## - SUBJECT ADDED ENTRY--TOPICAL TERM
Topical term or geographic name as entry element Motion Picture
700 ## - ADDED ENTRY--PERSONAL NAME
Personal name Khanduri, Sanjay
700 ## - ADDED ENTRY--PERSONAL NAME
Personal name Vijayasri, C.
700 ## - ADDED ENTRY--PERSONAL NAME
Personal name Mehboob
700 ## - ADDED ENTRY--PERSONAL NAME
Personal name Tewari, Ankur
700 ## - ADDED ENTRY--PERSONAL NAME
Personal name Deol, Abhay
700 ## - ADDED ENTRY--PERSONAL NAME
Personal name Duphia, Neha
942 ## - ADDED ENTRY ELEMENTS (KOHA)
Koha item type CD-ROMs, DVDs, VHS
Source of classification or shelving scheme Dewey Decimal Classification
Classification part DVD
Call number suffix EKCH
Holdings
Withdrawn status Lost status Source of classification or shelving scheme Damaged status Not for loan Home library Current library Date acquired Source of acquisition Cost, normal purchase price Total Checkouts Full call number Barcode Date last seen Date checked out Copy number Cost, replacement price Price effective from Koha item type Total Renewals
    Dewey Decimal Classification     Janak Puri Janak Puri 13/11/2009 Pioneers/885/29-10-09/325/13-10-09 /06-11-09 49.00 13 DVD EKCH DVD-004578 17/06/2014 14/06/2014 1 49.00 13/11/2009 CD-ROMs, DVDs, VHS  
    Dewey Decimal Classification     Karol Bagh Karol Bagh 13/11/2009 Pioneers/885/29-10-09/325/13-10-09 /06-11-09 49.00 12 DVD EKCH DVD-004581 16/04/2015 31/03/2015 1 49.00 13/11/2009 CD-ROMs, DVDs, VHS 1
    Dewey Decimal Classification     Narela Narela 13/11/2009 Pioneers/885/29-10-09/325/13-10-09 /06-11-09 49.00 9 DVD EKCH DVD-004582 12/02/2013 28/01/2013 1 49.00 13/11/2009 CD-ROMs, DVDs, VHS  
    Dewey Decimal Classification     R.K.Puram-8 R.K.Puram-8 13/11/2009 Pioneers/885/29-10-09/325/13-10-09 /06-11-09 49.00 2 DVD EKCH DVD-004579 03/01/2012 19/12/2011 1 49.00 13/11/2009 CD-ROMs, DVDs, VHS  
    Dewey Decimal Classification     Shahdara Branch Shahdara Branch 13/11/2009 Pioneers/885/29-10-09/325/13-10-09 /06-11-09 49.00   DVD EKCH DVD-004583 13/11/2009   1 49.00 13/11/2009 CD-ROMs, DVDs, VHS  
    Dewey Decimal Classification     Vinoba Puri Vinoba Puri 13/11/2009 Pioneers/885/29-10-09/325/13-10-09 /06-11-09 49.00 9 DVD EKCH DVD-004580 08/10/2012 20/09/2012 1 49.00 13/11/2009 CD-ROMs, DVDs, VHS  

© Delhi Public Library
Hit Counter
free hit counter